000
00285nam a2200121Ia 4500
008
190216s9999||||xx |||||||||||||| ||und||
100
_a
K.Sankara Rao
245
0
_a
Numerical Methods For Scientists And Engineers
250
_a
II
260
_b
Phi
_c
2004
300
_a
272
942
_c
BK
999
_c
37251
_d
37251